01109nam a2200217Ia 4500001034700000002005100347008003700398010001100435530002200446583002600468650003700494650004700531650002400578650005400602650005000656650002500706700004800731700002900779700004200808700004100850IA_Under the studied conditions, the project is acceptable in the economic evaluation with a TIR of 63% and a NPV of 5, 692,282.98, calculated whit a TREMA of 25%; the risk factors more important are the increase in raw material costs and wages of permanent employees, under this scene, the project is not profitable and has a great flexibility.PROYECTO PARA LA INSTALACION Y OPERACION DE UNA PL220117s xx 000 0 und d a184865 aDisponible en PDF a2 ej. imp. ; 1 ej. CD 0aEntrepreneurshipzMexicozPuebla 0aIniciativa empresarialzMéxicozPuebla  aPapayasxEnvasado  aPapayasxIndustria y comercioxMéxicoxPuebla  aPapayasxIndustry and tradexMexicoxPuebla  aPapayasxPackaging  aMartínez Hidalgo, Roberto Carlos, coaut. 1 aPonce Hernández, Pedro aSánchez Moctezuma, Gabriela, asesor aSaucedo Veloz, Crescenciano, asesor